000
00279nam a2200109Ia 4500
005
20251222114359.0
008
251222s1900||||xx |||||||||||||| ||spa||
082
_a
DVD0070/D95/2005/Ej.3
245
0
_a
La passion de Jeanne d'Arc
264
_b
Societé generale de films
942
_c
DVD
999
_c
1573
_d
1573